000 01237cam a2200325 a 4500
001 1142768
003 ARRUPE
005 20150908142819.0
008 950323s1996 nyua b s001 0 eng
010 _a 95014015
020 _a0791427331 (hc : acidfree)
020 _a079142734X (pbk. :acidfree)
040 _aDLC
_cDLC
_dDLC
050 0 0 _aQ175.5
_b.S56 1996
082 0 0 _a306.4/5
_220
100 1 _aSismondo, Sergio.
_919505
245 1 0 _aScience without myth :
_bon constructions, reality, and social knowledge /
_cSergio Sismondo.
260 _aAlbany, N.Y. :
_bState University of New York Press,
_cc1996.
300 _ax, 199 p.
_bill. ;
_c23 cm.
440 0 _aSUNY series in science, technology, and society
_918122
504 _aIncludes bibliographical references (p. 175-193) and index.
650 0 _aScience
_xSocial aspects.
_99989
650 0 _aScience
_xPolitical aspects.
_919506
650 0 _aScience
_xPhilosophy.
_919507
650 0 _aConstructivism (Philosophy)
_919508
650 0 _aRealism.
_911315
906 _a7
_bcbc
_corignew
_d1
_eocip
_f19
_gy-gencatlg
942 _2lcc
_cMONOGRAPH
999 _c123297
_d123297